The Christmas seals of Denmark and the Danish West Indies, 1904-1953 (Record no. 2825)

000 -LEADER
fixed length control field 00441nam a22000977a 4500
008 - FIXED-LENGTH DATA ELEMENTS--GENERAL INFORMATION
fixed length control field 181001b ||||| |||| 00| 0 eng d
100 ## - MAIN ENTRY--AUTHOR'S NAME
Author's Name Struve, C. V.
245 ## - TITLE STATEMENT
Title The Christmas seals of Denmark and the Danish West Indies, 1904-1953
260 ## - PUBLICATION, DISTRIBUTION, ETC. (IMPRINT)
Place of publication, distribution, etc. Copenhagen
Name of publisher, distributor, etc. Office of the Christmas Seal Committee
Date of publication, distribution, etc. 1954
650 ## - TOPICAL TERM (Tag)
Topical term or geographic name Denmark | Danish West Indies | Christmas Seals | Seals and Labels | Cinderella Material | Exhibitions | Catalogs and Publications
Holdings
Withdrawn status Lost status Source of classification or shelving scheme Damaged status Koha normalized classification for sorting Not for loan Collection code Permanent Location Current Location Shelving location Date acquired Total Checkouts Full call number Barcode Date last seen Copy number Price effective from
        G6921 C555 S927     Northern Philatelic Library Northern Philatelic Library General Stacks 10/01/2018   G6921 C555 S927 1005215 10/01/2018 1 10/01/2018
        G6921 C555 S927     Northern Philatelic Library Northern Philatelic Library General Stacks 10/01/2018   G6921 C555 S927 1005216 10/01/2018 2 10/01/2018

Powered by Koha